000 00447nab a2200145Ia 4500
003 ES-SlBCS
005 20210601125252.0
008 140529s1987 xxu||||| |||| 00| 0 eng d
041 _aeng
100 1 _aBedford Naylor, Margery
_9156099
245 0 4 _aThe Moral of the Trolley Problem
_c Margery Bedford Naylor
650 0 4 _aMoral
_992789
773 0 _tPhilosophy and Phenomenological Research
_gvol. 48, 1987, págs. 711-722
_wRev1411
942 _cAR
999 _c527560
_d527560